[Event "TCh-AUT 2009-10"]
[Site "Baden AUT"]
[Date "2010.03.20"]
[Round "11"]
[White "Bischoff, K"]
[Black "Shengelia, D"]
[Result "1/2-1/2"]
[WhiteElo "2569"]
[BlackElo "2560"]
[EventDate "2009.11.06"]

1. c4 e6 2. Nc3 d5 3. d4 Nf6 4. cxd5 exd5 5. Bg5 c6 6. e3 Be7 7. Bd3 Nbd7 
8. h3 Nb6 9. Bf4 Bd6 10. Bxd6 Qxd6 11. Qc2 Be6 12. Nge2 Qe7 13. O-O-O 
O-O-O 14. Kb1 Kb8 15. Rc1 Rhe8 16. Na4 Nxa4 17. Qxa4 Bd7 18. Qc2 Ne4 19. 
Bxe4 Qxe4 20. Qxe4 Rxe4 21. Kc2 a5 22. Kd2 Re7 23. h4 Kc7 24. Rc3 Kd6 25. 
Rhc1 f6 26. Rb3 Rb8 27. Rc5 a4 28. Ra3 b6 29. Rc1 c5 30. b3 Bc6 31. Rb1 
Ra7 32. b4 cxb4 33. Rxb4 b5 34. Rc3 Rc7 35. a3 Bd7 36. Rxc7 Kxc7 37. Nc3 
Bc6 38. Rb1 Rb7 39. Na2 Kd6 40. Nb4 Rc7 41. Na6 Ra7 42. Nc5 h5 43. Nd3 g5 
44. Rh1 Rh7 45. Nb4 Be8 46. g3 Rc7 47. g4 Rh7 48. hxg5 fxg5 49. gxh5 Rxh5 
50. Rg1 Bd7 51. Nd3 g4 52. Ne5 Rh2 53. Nxd7 Kxd7 54. Rxg4 Rxf2+ 55. Kc3 
Re2 56. Kb4 1/2-1/2

[Event "TCh-ISL Div 1 2010-11"]
[Site "Reykjavik ISL"]
[Date "2010.10.10"]
[Round "4.3"]
[White "Steingrimsson, H"]
[Black "Gurevich, M"]
[Result "1/2-1/2"]
[WhiteElo "2550"]
[BlackElo "2613"]
[EventDate "2010.10.08"]

1. d4 d5 2. c4 c6 3. Nf3 Nf6 4. Nc3 e6 5. Bg5 Nbd7 6. cxd5 exd5 7. e3 Be7 
8. Bd3 Ne4 9. Bf4 Ndf6 10. Qe2 Bf5 11. Ne5 g6 12. f3 Nd6 13. Bxf5 Nxf5 14.
 g4 Nd6 15. O-O-O h5 16. g5 Nd7 17. h4 Nf8 18. e4 Ne6 19. Be3 Qa5 20. Kb1 
1/2-1/2

[Event "Unive Open"]
[Site "Hoogeveen NED"]
[Date "2010.10.27"]
[Round "6"]
[White "Moskalenko, V1"]
[Black "Pavlovic, Milos"]
[Result "1/2-1/2"]
[WhiteElo "2580"]
[BlackElo "2531"]
[EventDate "2010.10.22"]

1. d4 d5 2. c4 e6 3. Nc3 Be7 4. Nf3 Nf6 5. cxd5 exd5 6. Bg5 c6 7. Qc2 Nbd7
8. e3 Nb6 9. Bd3 Nh5 10. Bxe7 Qxe7 11. O-O g6 12. Rab1 O-O 13. b4 a6 14. 
a4 Bg4 15. Ne5 Be6 16. b5 cxb5 17. axb5 a5 18. Rfc1 Rfc8 19. Qa2 Nf6 20. 
Na4 Nxa4 21. Qxa4 Rxc1+ 22. Rxc1 Qd6 23. Bf1 Nd7 24. Nd3 Nb6 25. Qa2 Nc4 
26. Nc5 b6 27. Nxe6 Qxe6 28. g3 Rc8 29. Bg2 Qd7 30. Rb1 Qf5 31. Rc1 Qd7 
32. Rb1 Qf5 33. Rc1 1/2-1/2

[Event "WSB Masters GM"]
[Site "Wroclaw POL"]
[Date "2010.12.28"]
[Round "2"]
[White "Piorun, K"]
[Black "Kravtsiv, M"]
[Result "0-1"]
[WhiteElo "2513"]
[BlackElo "2566"]
[EventDate "2010.12.27"]

1. d4 Nf6 2. c4 e6 3. Nc3 d5 4. cxd5 exd5 5. Bg5 c6 6. e3 Bf5 7. Qf3 Bg6 
8. Bxf6 gxf6 9. Nh3 Nd7 10. Nf4 Qa5 11. Be2 Ba3 12. Nxg6 hxg6 13. Rb1 Bxb2
14. Rxb2 Qxc3+ 15. Rd2 O-O-O 16. Bd3 Qa1+ 17. Rd1 Qxa2 18. O-O Qa3 19. h3 
Kc7 20. Qe2 Qd6 21. Qa2 Nb6 22. Rb1 Ra8 23. e4 Rhd8 24. Rfd1 dxe4 25. Bxe4
Qe6 26. Qc2 Re8 27. Bf3 Rad8 28. Ra1 Kb8 29. Qc5 Qd6 30. Qa5 Nc8 31. Rdb1 
Rd7 32. Qa4 Re6 33. Qa2 Ree7 34. Rb2 Rc7 35. Rd2 f5 36. Rdd1 Red7 37. Be2 
Qf6 38. Qa4 Rd6 39. Bf3 Rcd7 40. Qb3 Rxd4 41. Rxd4 Qxd4 42. Rd1 Qb6 43. 
Qa4 Rxd1+ 44. Bxd1 Qc7 45. h4 Qe5 46. Qb4 Nd6 47. h5 gxh5 48. Bxh5 Kc7 0-1

[Event "ZDMI Open"]
[Site "Dresden GER"]
[Date "2010.07.18"]
[Round "9"]
[White "Moiseenko, A1"]
[Black "Jojua, D"]
[Result "1/2-1/2"]
[WhiteElo "2667"]
[BlackElo "2530"]
[EventDate "2010.07.10"]

1. d4 d5 2. c4 e6 3. Nc3 Be7 4. cxd5 exd5 5. Bf4 c6 6. e3 Bf5 7. Nge2 Nd7 
8. Ng3 Bg6 9. Be2 Ngf6 10. h4 h5 11. Rc1 Kf8 12. O-O Nb6 13. Bg5 Ne4 14. 
Ncxe4 dxe4 15. Bxe7+ Qxe7 16. f3 Qxh4 17. Nxe4 Qe7 18. Qd2 Re8 19. Rc5 Nd5
20. Bc4 Bxe4 21. fxe4 Qxe4 22. Bxd5 cxd5 23. Rc7 f6 24. Rxb7 h4 25. Rf4 
Qe6 26. Rf3 Rh5 27. Rxa7 1/2-1/2

[Event "ch-POL"]
[Site "Warsaw POL"]
[Date "2010.01.10"]
[Round "2"]
[White "Heberla, B"]
[Black "Macieja, B"]
[Result "0-1"]
[WhiteElo "2516"]
[BlackElo "2624"]
[EventDate "2010.01.09"]

1. e4 c6 2. d4 d5 3. exd5 cxd5 4. Bd3 Nc6 5. c3 Nf6 6. Bf4 Bg4 7. Qb3 Qc8 
8. Nd2 e6 9. Ngf3 Bh5 10. O-O Be7 11. Rfe1 a6 12. Ne5 Nxe5 13. Bxe5 Bg6 
14. Bxg6 hxg6 15. c4 O-O 16. Rac1 Qd7 17. c5 Qc6 18. Qd3 a5 19. Rc3 b6 20.
 cxb6 Qxb6 21. Qc2 Nd7 22. Rc6 Qb4 23. a3 Qb5 24. Bf4 Nb6 25. Rc1 Rfc8 26.
 Rc3 Rxc3 27. bxc3 Rc8 28. Rb1 Qc6 29. Nf3 Nc4 30. Qe2 Nxa3 31. Ne5 Qxc3 
32. Rb7 Qa1+ 33. Qf1 Qxd4 34. g3 g5 35. Rxe7 gxf4 36. Nxf7 f3 37. h4 Qc4 
38. Qh3 Qe2 39. Nh6+ Kh8 40. Nf7+ Kg8 41. Nh6+ Kf8 42. Rf7+ Ke8 43. Rxf3 
Rc1+ 44. Kh2 Qxf3 45. Qxe6+ Kd8 46. Nf7+ Kc7 47. Qe5+ Kd7 0-1

[Event "ch-RUS Higher League"]
[Site "Irkutsk RUS"]
[Date "2010.09.03"]
[Round "8"]
[White "Tomashevsky, E"]
[Black "Zvjaginsev, V"]
[Result "1/2-1/2"]
[WhiteElo "2708"]
[BlackElo "2656"]
[EventDate "2010.08.26"]

1. d4 Nf6 2. Nf3 d5 3. c4 e6 4. Nc3 Nbd7 5. cxd5 exd5 6. Bg5 c6 7. Qc2 Be7
8. e3 Nh5 9. Bxe7 Qxe7 10. O-O-O Nb6 11. h3 Be6 12. Bd3 g6 13. Kb1 O-O-O 
14. Na4 Nxa4 15. Qxa4 Kb8 16. Rc1 f6 17. Rc3 Rd6 18. Rhc1 Rc8 19. Ne1 Ng7 
20. Nc2 Bf5 21. Nb4 Bxd3+ 22. Rxd3 Ne6 23. Ra3 a6 24. Qa5 Rc7 25. Rac3 Kc8
26. Ka1 Qd8 27. Qa4 Qd7 28. h4 Kd8 29. h5 g5 30. Qc2 Ke8 31. Qf5 Nd8 32. 
Qf3 Kf8 33. Nd3 Kg8 34. Nc5 Qe7 35. e4 b6 36. Nxa6 dxe4 37. Qe3 Rcd7 38. 
Nb8 Rc7 39. Na6 Rcd7 40. Nb4 Qe6 41. Rc4 Kg7 42. a3 Kh6 43. Qe2 Rxd4 44. 
Rxd4 Rxd4 45. Nc2 Rd7 46. Ne3 f5 47. g4 fxg4 48. Nxg4+ Kg7 49. h6+ Kg6 50.
 f4 exf3 51. Ne5+ Kxh6 52. Qxf3 Rd4 53. Qf8+ Kh5 54. Qf3+ Kh6 55. Qf8+ Kh5
56. Nf3 Rf4 57. Rh1+ Kg4 58. Qxd8 Rxf3 59. Rg1+ Rg3 60. Rxg3+ Kxg3 61. 
Qxg5+ 1/2-1/2

[Event "14th Padova Open"]
[Site "Padova ITA"]
[Date "2011.12.16"]
[Round "7"]
[White "Epishin, V"]
[Black "Bellini, F"]
[Result "1-0"]
[WhiteElo "2543"]
[BlackElo "2513"]
[EventDate "2011.12.11"]

1. d4 d5 2. c4 e6 3. Nc3 Nf6 4. cxd5 exd5 5. Bg5 c6 6. e3 Be7 7. Bd3 O-O 
8. Qc2 Nbd7 9. Nge2 Re8 10. O-O Nf8 11. Rab1 Bg4 12. b4 a6 13. h3 Bxe2 14.
 Nxe2 Ne4 15. Bxe7 Rxe7 16. a4 Rc8 17. Rb3 Ng6 18. f3 Nd6 19. e4 b5 20. e5
Nc4 21. Bxg6 hxg6 22. a5 c5 23. bxc5 Nxa5 24. Rd3 Nc6 25. Qd2 Re6 26. Nf4 
Re8 27. Re1 Qh4 28. Nxd5 Rcd8 29. Re4 Qh5 30. Nb4 Nxb4 31. Qxb4 Qg5 32. d5
Rxe5 33. f4 Rxe4 34. Qxe4 Qf6 35. d6 Qa1+ 36. Kh2 Qc1 37. c6 f5 38. Qf3 
1-0

[Event "15th HZ Open"]
[Site "Vlissingen NED"]
[Date "2011.08.04"]
[Round "7"]
[White "Landa, K"]
[Black "Smeets, J"]
[Result "1/2-1/2"]
[WhiteElo "2628"]
[BlackElo "2628"]
[EventDate "2011.07.30"]

1. d4 d5 2. c4 e6 3. Nc3 Nf6 4. cxd5 exd5 5. Bg5 c6 6. Qc2 Be7 7. e3 Nbd7 
8. Bd3 Nf8 9. h3 Ne6 10. Bh4 g6 11. Nf3 O-O 12. Bg3 Re8 13. Be5 a5 14. a3 
Bd6 15. Na4 Ng7 16. Nc5 Qe7 17. Bxd6 Qxd6 18. O-O b6 19. Na4 Nd7 20. Rac1 
Bb7 21. Rfe1 Ne6 22. e4 c5 23. dxc5 Nexc5 24. Nxc5 Qxc5 25. Qd2 Qd6 26. 
Bb5 Re7 27. Bxd7 Qxd7 28. e5 d4 29. Qxd4 Rd8 30. Qxb6 Bxf3 31. gxf3 Rde8 
32. Qxa5 Qxh3 33. Rc3 Qf5 34. Rce3 Qg5+ 35. Kf1 Qh5 36. Qb4 Qh1+ 37. Ke2 
Qh2 38. f4 Rd7 39. Qe4 Red8 40. Kf1 Rd4 41. Qg2 Qxf4 42. Rf3 Qd2 43. e6 
fxe6 44. Qh3 R4d6 45. Rxe6 Qc1+ 46. Kg2 Qg5+ 47. Kh2 Rd1 48. Rg3 Qf4 49. 
Re2 Kh8 50. Qe6 Qh4+ 51. Rh3 Qg5 52. Qe5+ Qxe5+ 53. Rxe5 R1d2 54. Rf3 Rxb2
55. Re7 Rb6 56. Rh3 h5 57. Rf3 Ra6 58. Kh3 Rda8 59. Kh4 Rxa3 60. Rff7 R3a5
61. Rh7+ Kg8 62. Reg7+ Kf8 63. Rf7+ Kg8 1/2-1/2

[Event "19th Skopje Open"]
[Site "Skopje MKD"]
[Date "2011.10.31"]
[Round "8"]
[White "Jianu, V"]
[Black "Miron, L"]
[Result "1/2-1/2"]
[WhiteElo "2502"]
[BlackElo "2514"]
[EventDate "2011.10.24"]

1. d4 d5 2. c4 e6 3. Nc3 Nf6 4. cxd5 exd5 5. Bg5 c6 6. e3 Nbd7 7. Bd3 Bd6 
8. Qc2 Nf8 9. Nge2 Ng6 10. Ng3 h6 11. Bxf6 Qxf6 12. O-O-O O-O 13. Kb1 
1/2-1/2

[Event "1st Panama Open"]
[Site "Panama City PAN"]
[Date "2011.11.05"]
[Round "6.1"]
[White "Hevia, A"]
[Black "Ortiz Suarez, I"]
[Result "1/2-1/2"]
[WhiteElo "2520"]
[BlackElo "2553"]
[EventDate "2011.11.03"]

1. e4 c6 2. d4 d5 3. exd5 cxd5 4. c3 Nc6 5. Nf3 Nf6 6. Bd3 Bg4 7. O-O e6 
8. Bf4 Bd6 9. Bxd6 Qxd6 10. Nbd2 O-O 11. Re1 1/2-1/2

[Event "1st ch-CHN Rapid KO"]
[Site "Hefei CHN"]
[Date "2011.07.07"]
[Round "2.2"]
[White "Ding Liren"]
[Black "Zhou Jianchao"]
[Result "0-1"]
[WhiteElo "2654"]
[BlackElo "2636"]
[EventDate "2011.07.06"]

1. d4 d5 2. c4 e6 3. Nc3 c6 4. cxd5 exd5 5. Nf3 Bf5 6. Bg5 Qb6 7. Qc1 Nd7 
8. e3 Ngf6 9. Be2 Bd6 10. O-O O-O 11. Nh4 Be6 12. Nf3 Qc7 13. Bh4 Ne4 14. 
Qc2 f5 15. Bg3 Nxg3 16. hxg3 Nf6 17. Ng5 Qe7 18. Nxe6 Qxe6 19. Rab1 Rae8 
20. b4 Ng4 21. Bxg4 fxg4 22. e4 dxe4 23. Rfe1 Qc4 24. Rxe4 Bxb4 25. Qa4 a5
26. Rxe8 Rxe8 27. Rc1 Qxd4 28. Qb3+ Kh8 29. Nb1 Rf8 30. Qc2 a4 31. Rd1 Qc5
32. Qe2 Qf5 33. Rf1 b5 34. Qb2 Bc5 35. Nc3 Qd3 36. Qc1 Bd4 37. Nd1 c5 38. 
Re1 Qxg3 39. Qd2 Qd6 40. Kf1 Qh2 0-1

[Event "20th TCh-CRO 1a"]
[Site "Sibenik CRO"]
[Date "2011.10.06"]
[Round "3.5"]
[White "Hracek, Z"]
[Black "Gonda, L"]
[Result "1/2-1/2"]
[WhiteElo "2624"]
[BlackElo "2520"]
[EventDate "2011.10.04"]

1. c4 Nf6 2. Nf3 c6 3. d4 d5 4. Nc3 e6 5. Bg5 Nbd7 6. cxd5 exd5 7. e3 Be7 
8. Bd3 O-O 9. Qc2 Re8 10. O-O g6 11. Rab1 Nh5 12. Bxe7 Qxe7 13. b4 a6 14. 
a4 Nb6 15. a5 Nd7 16. Na4 Ng7 17. Rfe1 Nf6 18. Nb6 Rb8 19. Nxc8 Rbxc8 20. 
Nd2 Ne6 21. Qc3 h5 22. f3 h4 23. Nb3 Ng5 24. Nd2 Qd7 25. Re2 Re7 26. Rf1 
Rce8 27. Rfe1 Kg7 28. Qc1 Qd6 29. Qc5 Qd8 30. Qc3 Re6 31. Qc1 Qe7 32. Qc5 
Qc7 33. Qc1 Qd8 34. Qc3 R8e7 35. Nb3 h3 36. Nc5 Rd6 37. f4 Nge4 38. Bxe4 
Nxe4 39. Nxe4 Rxe4 40. gxh3 Qh4 41. Rg2 Qxh3 42. Rg3 Qh5 43. Rf1 Rde6 44. 
Rff3 Re8 1/2-1/2

[Event "31st Bratto Festival Open"]
[Site "Bratto della Presolana ITA"]
[Date "2011.08.28"]
[Round "9.2"]
[White "Sveshnikov, E"]
[Black "Horvath, Jo1"]
[Result "1/2-1/2"]
[WhiteElo "2514"]
[BlackElo "2535"]
[EventDate "2011.08.20"]

1. e4 c6 2. d4 d5 3. exd5 cxd5 4. Nf3 Nc6 5. Bf4 Bf5 6. c3 e6 7. Bd3 Bxd3 
8. Qxd3 Bd6 9. Bxd6 Qxd6 10. O-O Nf6 11. Nbd2 O-O 12. Rae1 Qc7 1/2-1/2

[Event "3rd Balkan GP Individual"]
[Site "Podgorica MNE"]
[Date "2011.12.13"]
[Round "4"]
[White "Damljanovic, B"]
[Black "Blagojevic, Dr"]
[Result "1-0"]
[WhiteElo "2597"]
[BlackElo "2514"]
[EventDate "2011.12.11"]

1. c4 e6 2. Nc3 d5 3. d4 Nf6 4. Bg5 Nbd7 5. cxd5 exd5 6. e3 c6 7. Bd3 Be7 
8. Nge2 O-O 9. Bh4 Re8 10. f3 Nf8 11. Rc1 Ne4 12. Bxe7 Nxc3 13. Bxd8 Nxd1 
14. Kxd1 Rxd8 15. b4 Bd7 16. a4 Ne6 17. a5 a6 18. Nc3 Re8 19. Kd2 Re7 20. 
Rhe1 g6 21. g4 Ng5 22. Rf1 f5 23. h4 Nf7 24. gxf5 Bxf5 25. e4 Bh3 26. Rg1 
dxe4 27. fxe4 Rd8 28. Ne2 Kh8 29. Rg3 Bc8 30. Rf1 Nd6 31. e5 Nf5 32. Bxf5 
Bxf5 33. Ke3 b6 34. Rc1 bxa5 35. bxa5 Rd5 36. Rxc6 Rxa5 37. h5 gxh5 38. 
Nc3 Bg4 39. Ne4 Ra3+ 40. Kf4 Rxg3 41. Kxg3 Ra7 42. Nf6 Be2 43. d5 Bb5 44. 
Rb6 Kg7 45. Nxh5+ Kf7 46. Kf4 Bc4 47. Ke4 a5 48. Kd4 Be2 49. e6+ Kf8 50. 
Rb8+ Ke7 1-0

[Event "43rd TCh-ITA 2011"]
[Site "Spoleto ITA"]
[Date "2011.05.01"]
[Round "7"]
[White "Salvador, R"]
[Black "Radulski, J"]
[Result "1/2-1/2"]
[WhiteElo "2532"]
[BlackElo "2586"]
[EventDate "2011.04.28"]

1. d4 d5 2. c4 e6 3. Nc3 Nf6 4. cxd5 exd5 5. Bg5 Be7 6. e3 O-O 7. Bd3 Nbd7
8. Nge2 c6 9. O-O Re8 10. Qc2 Nf8 11. Rad1 g6 12. Nf4 a6 13. f3 Nh5 14. 
Bh6 Ng7 15. Qf2 Bh4 16. g3 Bf6 17. Bb1 Nfe6 18. Nxe6 Nxe6 19. h4 b5 20. 
Kg2 Ra7 21. e4 Bg7 22. Be3 Rd7 23. exd5 cxd5 24. h5 Rde7 25. a3 Bf6 26. 
hxg6 fxg6 27. Ba2 Bb7 28. Rfe1 Qd7 29. Qd2 Kh8 30. Re2 Ng7 31. Rde1 Nf5 
1/2-1/2

[Event "64th ch-RUS HL"]
[Site "Taganrog RUS"]
[Date "2011.06.20"]
[Round "6"]
[White "Romanov, E"]
[Black "Rublevsky, S"]
[Result "1/2-1/2"]
[WhiteElo "2624"]
[BlackElo "2682"]
[EventDate "2011.06.15"]

1. d4 d5 2. Bf4 Nf6 3. e3 c5 4. c3 Nc6 5. Nd2 cxd4 6. exd4 Bf5 7. Qb3 Qb6 
8. Ngf3 e6 9. Ne5 Be7 10. Bb5 Rc8 11. Be2 Nxe5 12. Bxe5 O-O 13. h4 h6 14. 
Qxb6 axb6 15. Nf1 Nd7 16. Bf4 g5 17. hxg5 hxg5 18. Bg3 Bg6 19. Bb5 Nb8 20.
 Kd2 Nc6 21. Re1 Kg7 22. Ne3 Rfd8 23. Ng4 Bf5 24. Ne3 Bg6 25. Ng4 Bf5 26. 
Ne3 1/2-1/2

[Event "71st ch-ARM"]
[Site "Yerevan ARM"]
[Date "2011.01.27"]
[Round "9"]
[White "Anastasian, A"]
[Black "Pashikian, A"]
[Result "1/2-1/2"]
[WhiteElo "2578"]
[BlackElo "2640"]
[EventDate "2011.01.10"]

1. d4 d5 2. c4 e6 3. cxd5 exd5 4. Nc3 c6 5. Nf3 Bf5 6. Bf4 Bd6 7. Bg3 Nf6 
8. e3 O-O 9. Qb3 Bxg3 10. hxg3 Qb6 11. Nh4 Be6 12. Bd3 Na6 13. Nf3 Qxb3 
14. axb3 Nb4 15. Ne5 g6 16. Kd2 Ne8 17. Be2 f6 18. Nd3 Nxd3 19. Bxd3 Nd6 
20. b4 a6 21. f3 f5 22. Ne2 Rae8 23. b3 Re7 24. Bc2 Rfe8 25. Nf4 Bc8 26. 
Rae1 Nf7 27. Nd3 Kg7 28. f4 h5 29. Ne5 Nd6 30. Bd3 Be6 31. Kc3 Rd8 32. Ra1
Ree8 33. Kd2 Rc8 34. Ke2 Bf7 35. Kf2 Bg8 36. Rhc1 Be6 37. Nf3 Bg8 38. Ne5 
1/2-1/2

[Event "80th Anniversary Mollet GM"]
[Site "Mollet del Valles ESP"]
[Date "2011.12.03"]
[Round "2"]
[White "Cruz, Cr"]
[Black "Cuartas, Ja"]
[Result "1-0"]
[WhiteElo "2500"]
[BlackElo "2522"]
[EventDate "2011.12.02"]

1. c4 e6 2. d4 d5 3. Nc3 Nf6 4. cxd5 exd5 5. Bg5 c6 6. e3 Bf5 7. Qf3 Bg6 
8. Bxf6 Qxf6 9. Qxf6 gxf6 10. g3 Nd7 11. Nge2 Bd6 12. h4 h5 13. Bh3 f5 14.
 f3 Nf6 15. Kf2 O-O-O 16. Nf4 Kb8 17. Rhe1 Rhe8 18. Bf1 Re7 19. Rac1 Ne8 
20. Na4 Nc7 21. Nc5 Rg8 22. a3 Ne6 23. Ncd3 Nxf4 24. Nxf4 Bxf4 25. exf4 
Rge8 26. Re5 f6 27. Rxe7 Rxe7 28. Bd3 Bh7 29. Re1 Rxe1 30. Kxe1 Kc7 31. g4
Kd6 32. gxh5 Ke6 33. h6 Kf7 34. h5 Ke6 35. Kd2 Kd6 36. Kc3 Ke7 37. a4 Kd6 
38. b4 a6 39. a5 Kc7 40. Kb3 Kd6 41. Ka4 Kc7 42. b5 cxb5+ 43. Bxb5 axb5+ 
44. Kxb5 Bg8 45. Kc5 Kd7 46. Kb6 Kc8 47. Kc5 Kd7 48. h7 Bxh7 49. Kxd5 Bg8+
50. Kc5 Kc7 51. h6 Bh7 52. d5 Bg8 53. d6+ Kd7 54. Kb6 Kc8 55. Ka7 Bh7 56. 
d7+ Kxd7 57. Kxb7 Ke7 58. a6 Bg8 59. Kc7 Kf8 60. h7 1-0

[Event "80th Anniversary Mollet GM"]
[Site "Mollet del Valles ESP"]
[Date "2011.12.05"]
[Round "6"]
[White "Cruz, Cr"]
[Black "Barsov, A"]
[Result "1/2-1/2"]
[WhiteElo "2500"]
[BlackElo "2530"]
[EventDate "2011.12.02"]

1. d4 d5 2. c4 e6 3. Nc3 Be7 4. cxd5 exd5 5. Bf4 c6 6. e3 Bf5 7. Bd3 Bxd3 
8. Qxd3 Nf6 9. Nf3 O-O 10. h3 Nbd7 11. O-O 1/2-1/2

[Event "86th ch-FRA"]
[Site "Caen FRA"]
[Date "2011.08.16"]
[Round "3"]
[White "Dorfman, I"]
[Black "Bricard, E"]
[Result "1/2-1/2"]
[WhiteElo "2578"]
[BlackElo "2502"]
[EventDate "2011.08.14"]

1. d4 d5 2. c4 e6 3. Nc3 Nf6 4. cxd5 exd5 5. Bg5 c6 6. e3 Bf5 7. Qf3 Be6 
8. Bxf6 Qxf6 9. Qxf6 gxf6 10. Nge2 Nd7 11. Nf4 Nb6 12. O-O-O Nc8 13. Bd3 
Nd6 14. Kb1 f5 15. Rc1 Ke7 16. Na4 Bh6 17. Nc5 Rhc8 18. Rc2 Rc7 19. Rhc1 
Ne4 20. g3 Nxc5 21. Rxc5 Bxf4 22. exf4 Kd6 23. Ra5 b6 24. Ra6 Bc8 25. Ra3 
c5 26. dxc5+ bxc5 27. Rd1 Be6 28. Ra6+ Rc6 29. Ra5 Rb6 1/2-1/2

[Event "Chigorin Memorial Open"]
[Site "St Petersburg RUS"]
[Date "2011.10.17"]
[Round "4"]
[White "Maiorov, N1"]
[Black "Korobov, A"]
[Result "1-0"]
[WhiteElo "2558"]
[BlackElo "2671"]
[EventDate "2011.10.14"]

1. d4 d5 2. c4 e6 3. Nc3 Nf6 4. cxd5 exd5 5. Bg5 c6 6. e3 Bf5 7. Qf3 Bg6 
8. Bxf6 Qxf6 9. Qxf6 gxf6 10. Nf3 Nd7 11. Nh4 Be7 12. g3 Nb6 13. f3 O-O-O 
14. Kf2 Kb8 15. Rd1 Rhe8 16. Bd3 Bb4 17. Be2 a5 18. Rc1 Nc4 19. Bxc4 dxc4 
20. Rhd1 Bd3 21. Ng2 b5 22. Nf4 Bf5 23. Nh5 Bd3 24. a4 c5 25. d5 Bxc3 26. 
Rxc3 b4 27. Rcc1 b3 28. Rc3 Kc7 29. Nf4 Rb8 1-0

[Event "Gibraltar Masters"]
[Site "Caleta ENG"]
[Date "2011.02.03"]
[Round "10.2"]
[White "Bologan, V"]
[Black "Short, N"]
[Result "0-1"]
[WhiteElo "2693"]
[BlackElo "2658"]
[EventDate "2011.01.25"]

1. d4 e6 2. c4 Nf6 3. Nc3 d5 4. cxd5 exd5 5. Bg5 c6 6. e3 Bf5 7. Qf3 Bg6 
8. Bxf6 Qxf6 9. Qxf6 gxf6 10. Nf3 Nd7 11. g3 Be7 12. Nh4 Nb6 13. f3 a5 14.
 Kf2 a4 15. Rc1 Nc8 16. Ne2 Ra6 17. Nc3 Ra5 18. Be2 Nd6 19. Rhd1 Kd7 20. 
Ng2 b5 21. Rd2 Bf8 22. a3 h5 23. Na2 Nc4 24. Bxc4 bxc4 25. Nf4 f5 26. Nc3 
Bd6 27. h4 Rg8 28. Rg1 Raa8 29. Ke1 Bc7 30. Kd1 Ba5 31. Nxa4 Bxd2 32. Nc5+
Kd6 33. Kxd2 Rgb8 34. Kc3 Ra5 35. Rc1 Rab5 36. b4 cxb3 37. Kb2 Ra5 38. 
Ncd3 Re8 39. Nb4 Rxe3 40. Rxc6+ Kd7 41. Rc1 Rxf3 42. Nc6 Rf2+ 43. Kxb3 
Rb5+ 44. Ka4 Rb7 45. Ne5+ Kd8 46. Nc6+ Ke8 47. Ka5 Rb3 48. a4 Rxg3 49. 
Nxd5 f4 50. Kb6 Kf8 51. a5 Be4 52. Ndb4 Rb2 53. Kc7 Rgb3 54. d5 Rxb4 55. 
Nxb4 Rxb4 56. d6 Rb7+ 57. Kc8 Ra7 58. Ra1 f3 59. a6 f2 60. d7 Ra8+ 61. Kc7
Bg2 0-1

[Event "I Antonio Rocha Mem"]
[Site "Campinas BRA"]
[Date "2011.01.17"]
[Round "5.5"]
[White "Mecking, H"]
[Black "Vescovi, G"]
[Result "1/2-1/2"]
[WhiteElo "2562"]
[BlackElo "2631"]
[EventDate "2011.01.13"]

1. d4 Nf6 2. c4 e6 3. Nc3 d5 4. cxd5 exd5 5. Bg5 c6 6. e3 Be7 7. Bd3 Nbd7 
8. Nf3 Ne4 9. Bf4 f5 10. Qc2 O-O 11. h3 Ndf6 12. Bh2 Be6 13. Ne5 Nd7 14. 
O-O Nxe5 15. Bxe5 Nxc3 16. Qxc3 Bd6 17. f4 1/2-1/2

[Event "IX Gyorgy Marx Mem"]
[Site "Paks HUN"]
[Date "2011.06.25"]
[Round "8"]
[White "Salgado Lopez, I"]
[Black "Berkes, F"]
[Result "0-1"]
[WhiteElo "2623"]
[BlackElo "2693"]
[EventDate "2011.06.17"]

1. d4 d5 2. c4 e6 3. Nc3 Be7 4. cxd5 exd5 5. Bf4 c6 6. Qc2 Bg4 7. e3 Bh5 
8. Bd3 Bg6 9. Bxg6 hxg6 10. O-O-O Nd7 11. f3 Ngf6 12. g4 Nb6 13. Nge2 Bd6 
14. h3 Bxf4 15. Nxf4 Qe7 16. e4 dxe4 17. fxe4 O-O-O 18. b3 Kb8 19. Kb1 Ne8
20. Qh2 Nc7 21. Nfe2 Ka8 22. Rd3 Rd7 23. Rhd1 Rhd8 24. Qg3 g5 25. Qf3 f6 
26. Kc2 Na6 27. Kb1 c5 28. dxc5 Nxc5 29. Rxd7 Rxd7 30. Nd5 Nxd5 31. exd5 
Qe4+ 32. Qxe4 Nxe4 33. Rd3 Kb8 34. Re3 Nd6 35. Nd4 Kc7 36. Ne6+ Kb6 37. 
Nf8 Rf7 38. Ne6 Rd7 39. Nf8 Rf7 40. Ne6 Nb5 41. Kb2 Nc7 42. Nxc7 Kxc7 43. 
Kc3 Kd6 44. Kd4 Re7 45. Rc3 Re5 46. Rc8 Rxd5+ 47. Ke4 Re5+ 48. Kd4 Re2 49.
 Rd8+ Kc6 50. Rc8+ Kb6 51. a4 Rd2+ 52. Ke4 Re2+ 53. Kf5 Re3 54. Kg6 Rxh3 
55. Kxg7 Rg3 56. Rc4 Rf3 57. Rb4+ Ka6 58. Rd4 Rf4 59. Rd7 f5 60. gxf5 Rxf5
61. Kg6 Rf3 62. b4 g4 63. b5+ Kb6 64. a5+ Kxb5 65. Rxb7+ Ka6 66. Rg7 g3 
67. Kh5 Rf8 68. Kh6 Rh8+ 69. Kg5 Rh7 70. Rg6+ Kxa5 71. Kf4 Rh3 72. Kf3 a6 
73. Kg2 Rh7 74. Rxg3 Rf7 75. Re3 Rf5 76. Kg3 Kb4 77. Re4+ Kc3 78. Kg4 Rd5 
79. Kf3 a5 80. Ke2 Kb3 81. Re3+ Kc2 82. Re8 Rc5 83. Re4 Rc7 84. Ke1 Rc8 
85. Ke2 Rc5 86. Ke1 Rc7 87. Ke2 Rc8 88. Ke1 Rc3 89. Ke2 Rc5 90. Ke1 Rb5 
91. Rc4+ Kb3 92. Rc8 Kb2 93. Kd2 Rd5+ 94. Ke3 a4 95. Rb8+ Kc3 96. Rc8+ Kb3
97. Rb8+ Ka2 98. Rb4 a3 99. Ke2 Rh5 100. Kd2 Rh2+ 101. Kc1 Rb2 102. Ra4 
Kb3 103. Ra8 Rc2+ 104. Kd1 a2 105. Rb8+ Kc4 106. Rc8+ Kd5 107. Rd8+ Ke6 
108. Kxc2 a1=Q 109. Rd2 Ke5 110. Re2+ Kd4 111. Rd2+ Kc4 112. Re2 Qd4 113. 
Rd2 Qe4+ 114. Kb2 Kb4 115. Rc2 Qd4+ 116. Ka2 Ka4 117. Rb2 Qd5+ 118. Kb1 
Ka3 0-1

[Event "Open NK"]
[Site "Dieren NED"]
[Date "2011.07.21"]
[Round "3"]
[White "Lenderman, Aleksandr"]
[Black "Radulski, Julian"]
[Result "0-1"]
[WhiteElo "2525"]
[BlackElo "2556"]
[EventDate "2011.07.19"]

1. d4 d5 2. c4 e6 3. Nc3 Be7 4. cxd5 exd5 5. Bf4 Nf6 6. e3 O-O 7. Bd3 Re8 
8. Nge2 c6 9. Qc2 a5 10. O-O Na6 11. a3 g6 12. h3 Nc7 13. Rab1 Ne6 14. Be5
Ng7 15. f3 Nf5 16. Qd2 Nd7 17. Bxf5 Nxe5 18. Bxc8 Nc4 19. Qd3 Rxc8 20. e4 
b5 21. exd5 cxd5 22. Nxb5 Rb8 23. Nec3 Bg5 24. f4 Re3 25. Qd1 Bh4 26. Qc1 
Rg3 27. Re1 Qd7 28. b3 Qxh3 29. Re2 Ne3 30. Qxe3 Rxg2+ 31. Rxg2 Qxe3+ 32. 
Kh1 Qh3+ 33. Rh2 Qf3+ 34. Rg2 Rxb5 35. Nxb5 Qd3 0-1

[Event "SPA Open A"]
[Site "Amsterdam NED"]
[Date "2011.07.16"]
[Round "8"]
[White "Sedlak, N"]
[Black "Neverov, V"]
[Result "1-0"]
[WhiteElo "2580"]
[BlackElo "2500"]
[EventDate "2011.07.09"]

1. d4 d5 2. c4 e6 3. Nc3 Be7 4. cxd5 exd5 5. Bf4 c6 6. e3 Bd6 7. Bxd6 Qxd6
8. Bd3 Ne7 9. Qc2 Bg4 10. h3 Bh5 11. f4 f6 12. g4 Bf7 13. Nf3 Nd7 14. 
O-O-O Nb6 15. Kb1 O-O-O 16. h4 Kb8 17. h5 h6 18. Qf2 Rde8 19. Nh4 Be6 20. 
f5 Bf7 21. Ng6 Rhg8 22. Rhe1 Ka8 23. Re2 Nec8 24. Rde1 Rd8 25. Qf4 Rge8 
26. Qxd6 Nxd6 27. b3 Kb8 28. Nf4 Re7 29. a4 a5 30. Kc2 Rde8 31. Ng6 Bxg6 
32. hxg6 Kc7 33. e4 dxe4 34. Bxe4 Kd8 35. Bf3 Rxe2+ 36. Rxe2 Rxe2+ 37. 
Nxe2 Na8 38. Nf4 Nc7 39. Kc3 Kd7 40. b4 axb4+ 41. Kxb4 Na6+ 42. Kc3 b6 43.
 Nh5 Ne8 44. Be2 Nac7 45. Bc4 Kd6 46. Bf7 Ke7 47. Bxe8 Nxe8 48. Kb4 Kd7 
49. a5 bxa5+ 50. Kxa5 Kd6 51. Kb6 Kd7 52. Kc5 Kc7 53. Nf4 Kd7 54. Ne6 Nd6 
55. Nxg7 Ne4+ 56. Kb6 Nf2 57. Nh5 Ke7 58. Kxc6 Nxg4 59. d5 Ne5+ 60. Kc7 
1-0